|
|
|
|
| LEADER |
00000cam a2200000 7i4500 |
| 001 |
0000141541 |
| 005 |
20211015.0 |
| 008 |
211015s2021 my a x 0 f eng |
| 020 |
|
|
|a 9789671900444
|
| 040 |
|
|
|a PERPUSTAM
|b eng
|c PERPUSTAM
|e rda
|
| 041 |
|
|
|a eng
|
| 090 |
0 |
0 |
|a J 823
|b SHE
|
| 100 |
1 |
|
|a Shelley Ang ,
|d 1965- ,
|e author
|
| 245 |
1 |
0 |
|a BLUE RABBIT AND BROWN RABBIT
|c SHELLEY ANG
|
| 264 |
|
1 |
|a Johor Bahru, Johor :
|b Cerdas Edulink Trading
|c 2021
|
| 300 |
|
|
|a 16 pages :
|b color illustration ;
|c 26 cm.
|
| 336 |
|
|
|a text
|2 rdacontent
|
| 337 |
|
|
|a unmediated
|2 rdamedia
|
| 338 |
|
|
|a volume
|2 rdacarrier
|
| 490 |
1 |
|
|a THE QUICK-WITTED ANIMAL SERIES
|
| 650 |
1 |
0 |
|a Children's stories, English
|
| 650 |
2 |
0 |
|a Didactic fiction, English
|
| 830 |
|
0 |
|a The quick-witted animal series
|
| 999 |
|
|
|a 0000690223
|b Buku
|c Koleksi Pinjaman Kanak-Kanak
|e Perbadanan Perpustakaan Awam Melaka
|
| 999 |
|
|
|a 0000690224
|b Buku
|c Koleksi Pinjaman Kanak-Kanak
|e Perbadanan Perpustakaan Awam Melaka
|
| 999 |
|
|
|a 0000690225
|b Buku
|c Koleksi Pinjaman Kanak-Kanak
|e Perbadanan Perpustakaan Awam Melaka
|
| 999 |
|
|
|a 0000690226
|b Buku
|c Koleksi Pinjaman Kanak-Kanak
|e Perpustakaan Cawangan Masjid Tanah
|
| 999 |
|
|
|a 0000690227
|b Buku
|c Koleksi Pinjaman Kanak-Kanak
|e Perpustakaan Cawangan Merlimau
|
| 999 |
|
|
|a 0000690228
|b Buku
|c Koleksi Pinjaman Kanak-Kanak
|e Perpustakaan Cawangan Jasin
|
| 999 |
|
|
|a 0000690229
|b Buku
|c Koleksi Pinjaman Kanak-Kanak
|e Perpustakaan Komuniti UTC Melaka
|
| 999 |
|
|
|a 0000690230
|b Buku
|c Koleksi Pinjaman Kanak-Kanak
|e Perbadanan Perpustakaan Awam Melaka
|
| 999 |
|
|
|a 0000690231
|b Buku
|c Koleksi Pinjaman Kanak-Kanak
|e Perbadanan Perpustakaan Awam Melaka
|
| 999 |
|
|
|a 0000690232
|b Buku
|c Koleksi Pinjaman Kanak-Kanak
|e Perbadanan Perpustakaan Awam Melaka
|
| 999 |
|
|
|a 0000690233
|b Buku
|c Koleksi Pinjaman Kanak-Kanak
|e Perbadanan Perpustakaan Awam Melaka
|